000 00234nam a2200109Ia 4500
008 190216s9999||||xx |||||||||||||| ||und||
100 _aKhalid
245 0 _aSimham
260 _bChintha Publishers
650 _aMalayalam
942 _cBK
999 _c26198
_d26198